Datum a čas kvízu
29.5
Celkem bodů
Celkový počet nahraných bodů na tomto kvízu bez doplňovacích otázek.
13.
Pořadí na kvízu
Konečné umístění týmu na tomto kvízu.
Zaznamenané odpovědi
| # | Otázka | Odpověď | Body | Výsledky |
|---|---|---|---|---|
| 1. | Praha plánuje přejmenovat námě... | Boris Němcov | 1 | |
| 2. | Když policejní oddělení v Seve... | Sauron | 0 | |
| 3. | V Praze se minulý týden konal... | Comic Con | 1 | |
| 4. | Svět mobilních telefonů minulý... | Blackberry | 1 | |
| 5. | Letošní 54. Super Bowl, neboli... | Kansas City Chiefs, San Francisco 49ers | 1 | |
| 6. | Další díl naší cesty kolem svě... | Ohio, Oklahoma, Oregon | 1 | |
| 7. | Tento americký generál a indiá... | George Custer, Sedící býk (Sitting Bull) | 1 | |
| 8. | Fakt, že se ve Spojených státe... | 1B 2A 3C 4D | 0 | |
| 9. | Která řeka "vyřezala" do kraji... | A | 1 | |
| 10. | Ze Spojených států pochází nep... | Katy Perry | 0 |